Quick Math - Statistics

General Stats
  • This quiz has been taken 1,188 times
  • The average score is 12 of 15
Answer Stats
Hint Answer % Correct
1+1 2
100%
5/2.5 2
100%
6x3 18
99%
2+3 5
99%
5x8 40
98%
9x9 81
98%
1-1 0
94%
4(3+3) 24
94%
36/6 6
94%
5^2 25
84%
pi 3.14
82%
pi x 2 6.28
77%
4(3x-8) 12x-32
30%
Answer to life 42
27%
(35x8)/2 179
1%
No matching quizzes found
Score Distribution
Percent of People with Each Score
Percentile by Number Answered
Your Score History
You have not taken this quiz